000 00642nam a2200241Ia 4500
003 OSt
005 20221007063844.0
006 a|||||r|||| 00| 0
007 ta
008 221006b |||||||| |||| 00| 0 eng d
024 _a22,206
037 _cReference Collections
040 _aFLL
_cFLL
_beng
041 _2eng
_aeng
082 _aZ2:94, H6
100 _aSarkar S.C.
245 0 _aLaw of evidence in India and Burma
250 _a7th
260 _aCalcutta
_bS. C. Sarkar & Sons Ltd. India
_c1946
300 _a1569p
_ccm.
942 _hZ2:94, H6
_cREF
_2CC
999 _c1132350
_d1132350